000 00610nam a22001697a 4500
003 MACL
005 20160721142957.0
008 160721b xxu||||| |||| 00| 0 eng d
040 _cMACL
041 _aHindi
082 _a800
100 _aत्रिपाठी, विश्‍वनाथ्‍ा
_964858
245 _aगंगा स्‍नान करने चलोगे
_cविश्‍वनाथ त्रिपाठी
260 _aनई दिल्‍ली
_bभारतीय ज्ञानपीठ
_c2014
650 _aसंस्‍मरण
_954854
942 _2ddc
_cHIN
999 _c54575
_d54575